000 00605cam a2200217 a 4500
001 000008424
005 20200929161336.0
008 990628s1999 sp 000 f spa d
020 _a8420478423
040 _aDO-SdBNP
_cDLC
_dDLC
082 _a863.64
_bS211m
100 1 _aSánchez, Clara,
_d1955-
_922694
245 1 3 _aEl misterio de todos los días /
_cClara Sánchez.
260 _aMadrid :
_bAlfaguara,
_c1999.
300 _a357 p. ;
_c22 cm.
650 4 _aNovela española
_91123
650 4 _aLiteratura española
_9632
910 _aCatalogación por copia / LC
910 _aWM
049 _aBNGR
999 _c8195
_d8195